000 00713nam a2200241 a 4500
001 BRL_549
005 20190320210809.0
008 020913s1975----mx-a######---#000-0#spa-#
041 _aspa
044 _amx
050 4 _aF1219.8.O56
_b.M45 1975
100 1 _aMelgarejo Vivanco, José Luis
_923893
245 1 0 _aEl problema olmeca
_cJosé Luis Melgarejo Vivanco.
260 _aJalapa, Ver.
_bs.n.
_c1975
300 _a341 p.
_bil.
_c22 cm.
500 _aAu607
500 _aBibliografía: p. 325-341
650 1 4 _aOlmecas
_924265
650 1 4 _aIndígenas de México
_xInfluencias africanas
_924266
650 1 4 _aIndígenas de América Central
_xInfluencias africanas
_924267
902 _aGRL
942 _2lcc
_cB
999 _c9361
_d9361